000 02323cam a22004694i 4500
003 PE-LiUPU
005 20250731173334.0
008 150706s r 000 0 d
020 _a0802825133
035 _a(Sirsi) i9780802825131
040 _aPE-LiUPU
_bspa
_cPE-LiUPU
_erda
049 _aPRUA
082 0 4 _a225.07
_bNICNT2006
_221
100 1 _aTowner, Philip H.,
_eautor.
245 1 4 _aThe letters to Timothy and Titus /
_cPhilip H. Towner.
264 1 _aGrand Rapids, Mich. :
_bWilliam B. Eerdmans Pub. Co.,
_c 2006.
300 _a886 páginas ;
_c25 centímetros
336 _atext
_2rdacontent
337 _aunmediated
_2rdamedia
338 _avolume
_2rdacarrier
490 0 _aThe New International Commentary on the New Testament
505 0 _aIntroduction and agenda -- The letters to timothy and titus in the earliest centuries -- Readings of the letters in the modern era: interpretive options and the authorship question -- Reading the letters in historical context -- Paul and the letters to timothy and titus: definign the paramenters -- Closing benediction (6:21 B) -- The first letter to timothy -- The second letter tro timothy -- Opening greeting -- Boby of the letter -- Final instructions and personal information -- Closing greetings, intructions, and blessing -- The letter to tilus -- Sources of background information on crete -- Opening greeting -- Boby of the lether -- Personal notes and instructions -- Final greetings and benediction .
526 _aSEG42
526 _aSEG41
526 _aSEG40
526 _aSEG39
526 _aP94
526 _aP87
526 _aP86
526 _aP85
526 _aP77
526 _aP76
526 _aP35
541 _g1057695742-4939426;
630 0 4 _aBiblia.
_pN.T.
_pEpístolas pastorales
_xComentarios.
910 _bng
_cng
_d20090309
942 _2ddc
_cBOOK
949 _a225.07 NICNT 15 2006
_wDEWEY
_c1
_i59374
_lCCODEBUL1
_mBUL
_p33.00
_r0
_sY
_tBOOK
_u2015-7-6
_xTEOLOGIA
_zUNKNOWN
_0COMPRA
_o.STAFF. Colección General
994 _aC0
_bPEPRU
596 _a1
999 _a225.07 NICNT 15 2006
_wDEWEY
_c48969
_i59374
_d48969
_f2021-11-9
_g5
_lCCODEBUL1
_mBUL
_p33.00
_q1
_r0
_sY
_tBOOK
_u2015-7-6
_xTEOLOGIA
_zUNKNOWN
_0COMPRA
_o.STAFF. Colección General
980 _81
_gALBERTO SANCHEZ Responsable de Automatización